• 首页
  • 本馆介绍
  • 公告通知
  • 最新文献
  • 馆藏检索
  • 电子资源
  • 读者导购
  • 参考咨询
  • 我的图书馆
  • 登录
  • 详细信息显示
  • 放入我的书架
  • 预约/预借图书
  • 作者相关作品
  • 分类相关作品
  • 丛书相关作品
  • 出版社相关作品

书目信息

  • 表格格式
  • 工作单格式
  • 卡片格式
题名:
新编大学英语课文辅导
    
 
作者: 李博 主编
分册: 第四分册  
出版信息: 北京   中央文献出版社  2001
页数: 536页
开本: 20cm
丛书名: 大学英语辅导教材系列丛书
单 册:
中图分类: H31
科图分类:
主题词: 英语
电子资源:
ISBN: 7-5073-0726-3
000 00661nam0 2200229 450
001 0742259632
005 20070606110318.42
010    @a7-5073-0726-3@dCNY16.00
100    @a20070530d2001 km y0chiy0120 ea
101 0  @achi
102    @aCN@b110000
200 1  @a新编大学英语课文辅导@Axin bian da xue ying yu ke wen fu dao@h第四分册@f李博主编@Fli bo zhu bian
205    @a二版
210    @a北京@c中央文献出版社@d2001
215    @a536页@d20cm
225 2  @a大学英语辅导教材系列丛书
410  0 @12001 @a大学英语辅导教材系列丛书
606 0  @a英语
690    @aH31@v3
701  0 @a李博@Ali bo@4主编
801  0 @aCN@bPFT@c20070606
905    @a10447@dH31@e1027:4=2
    
    新编大学英语课文辅导.第四分册/李博主编.-二版.-北京:中央文献出版社,2001
    536页;20cm.-(大学英语辅导教材系列丛书)
    
    
    ISBN 7-5073-0726-3:CNY16.00
    
●
相关链接 在E读中查询图书 在五车中查询图书 在当当中查询图书 在豆瓣中查询图书


正题名:新编大学英语课文辅导     索取号:H31/1027:4=2         预约/预借

序号 登录号 条形码 馆藏地/架位号 状态 备注
1 0515359   205153590   第二样本阅览室/ [索取号:H31/1027:4=2] 在馆    
2 0515360   205153607   密集书库/ [索取号:H31/1027:4=2] 在馆    
3 0515361   205153616   密集书库/ [索取号:H31/1027:4=2] 在馆    
4 0515362   205153625   密集书库/ [索取号:H31/1027:4=2] 在馆    
唐山师范学院图书馆 欢迎您!
大连网信软件有限公司© 版权所有